London in Literature Quiz Stats

Quiz Updated May 12, 2016

Challenge
Share
Tweet
Embed
Score 0/24 Timer 05:00
4 Plays Today
% Correct
Great Expectations
91.6%
Nineteen Eighty-Four
90.2%
The War of the Worlds
84.6%
Brave New World
84.4%
Peter Pan
83.7%
The Picture of Dorian Gray
82.4%
Patriot Games
76.6%
A Clockwork Orange
74.7%
A Study in Scarlet
73.9%
Strange Case of Dr. Jekyll and Mr. Hyde
72.4%
The Prince and the Pauper
72.2%
Bridget Jones's Diary
71.3%
% Correct
Black Beauty
70.3%
Mary Poppins
64.8%
Confessions of a Shopaholic
63.2%
Atonement
60.9%
High Fidelity
58.9%
The Buddha of Suburbia
56.4%
Wolf Hall
43.6%
At Bertram's Hotel
43.4%
A Journal of the Plague Year
43.3%
White Teeth
43.3%
The End of the Affair
41.8%
The Cuckoo's Calling
40.3%

You're not logged in!

Compare scores with friends on all Sporcle quizzes.
Sign Up with Email
OR
Log In

You Might Also Like...

Show Comments

Extras

Top Quizzes Today


Score Distribution

Your Account Isn't Verified!

In order to create a playlist on Sporcle, you need to verify the email address you used during registration. Go to your Sporcle Settings to finish the process.